Влияние различий потребительской культуры северного и южного Вьетнама на маркетинг; Научная инициатива иностранных студентов и аспирантов российских вузов

Detalles Bibliográficos
Parent link:Научная инициатива иностранных студентов и аспирантов российских вузов.— 2018.— [С. 177-181]
Autor Principal: Ле Нгуен Тхи Тху Хюйен
Autor Corporativo: Национальный исследовательский Томский политехнический университет Школа базовой инженерной подготовки Отделение русского языка
Outros autores: Седельникова С. Ф. Светлана Федоровна (научный руководитель)
Summary:Заглавие с экрана
Analysis of the differences in the consumer culture of northern and southern Vietnam for good and effective marketing strategies.
Idioma:ruso
Publicado: 2018
Series:Актуальные проблемы социально-экономических наук
Subjects:
Acceso en liña:http://earchive.tpu.ru/handle/11683/51543
Formato: MixedMaterials Electrónico Capítulo de libro
KOHA link:https://koha.lib.tpu.ru/cgi-bin/koha/opac-detail.pl?biblionumber=628275

MARC

LEADER 00000naa2a2200000 4500
001 628275
005 20231101133513.0
035 |a (RuTPU)RU\TPU\conf\28436 
035 |a RU\TPU\conf\28432 
090 |a 628275 
100 |a 20181031d2018 k y0rusy50 ca 
101 0 |a rus  |d eng 
102 |a RU 
105 |a y z 101zy 
135 |a drgn ---uucaa 
181 0 |a i  
182 0 |a b 
200 1 |a Влияние различий потребительской культуры северного и южного Вьетнама на маркетинг  |f Ле Нгуен Тхи Тху Хюйен  |g науч. рук. С. Ф. Седельникова 
203 |a Текст  |c электронный 
225 1 |a Актуальные проблемы социально-экономических наук 
230 |a 1 компьютерный файл (pdf; 508 Kb) 
300 |a Заглавие с экрана 
320 |a [Библиогр.: с. 181 (4 назв.)] 
330 |a Analysis of the differences in the consumer culture of northern and southern Vietnam for good and effective marketing strategies. 
463 0 |0 (RuTPU)RU\TPU\conf\28387  |t Научная инициатива иностранных студентов и аспирантов российских вузов  |o сборник докладов VIII Всероссийской научно-практической конференции, Томск, 16-18 мая 2018 г.  |f Национальный исследовательский Томский политехнический университет (ТПУ)  |v [С. 177-181]  |d 2018 
610 1 |a электронный ресурс 
610 1 |a труды учёных ТПУ 
610 1 |a потребительская культура 
610 1 |a Вьетнам 
610 1 |a вьетнамская культура 
610 1 |a маркетинг 
610 1 |a потребители 
700 0 |a Ле Нгуен Тхи Тху Хюйен 
702 1 |a Седельникова  |b С. Ф.  |c географ, страновед  |c ассистент Томского политехнического университета  |f 1959-  |g Светлана Федоровна  |2 stltpush  |3 (RuTPU)RU\TPU\pers\32175  |4 727 
712 0 2 |a Национальный исследовательский Томский политехнический университет  |b Школа базовой инженерной подготовки  |b Отделение русского языка  |h 8030  |2 stltpush  |3 (RuTPU)RU\TPU\col\23517 
801 2 |a RU  |b 63413507  |c 20181106  |g RCR 
856 4 |u http://earchive.tpu.ru/handle/11683/51543 
942 |c BK